Fides zborník prác poslucháčov Teologického inštitútu
| Other Authors: | , , , , , , , , , |
|---|---|
| Format: | Serial |
| Language: | Slovak Czech Polish |
| PhysicalDescription: | zv. 21-24 cm |
| Published: |
[Trnava]
Dobrá kniha
1993-
Bratislava Teologický inštitút svätého Alojza Spoločnosti Ježišovej na Slovensku Bratislava Aloisianum - Teologický inštitút sv. Alojza Spoločnosti Ježišovej na Slovensku pri Trnavskej univerzite |
| ISBN: | 8071413933 (brož. : č. 12/2002) 8071414387 (brož. : č. 13/2003) 8071415375 (brož. : č. 14/2007) 9788071415848 (brož. : č. 15/2008) 9788071416517 (brož. : č. 16/2009) 8071410853 (brož. : č. 5/1995) 8071410861 (brož. : č. 6/1996) 8071411086 (brož. : č. 7/1996) 8071411388 (brož. : č. 8/1996) 8071411825 (brož. : č. 9/1998) 8071412511 (brož. : č. 10/[1999]) 8071413208 (brož. : č. 11/2000) |
| Subjects: |
MARC
| LEADER | 00000cas a2200000 a 4500 | ||
|---|---|---|---|
| 001 | vtls001469652 | ||
| 003 | SK-MaSNL | ||
| 005 | 20260228161033.0 | ||
| 008 | 040227c19939999xo x| 0 0b0slo | ||
| 015 | |a SNBB2005/02-00626 (č. 12/2002) |a SNBB2006/03-00888 (č. 13/2003) |a SNBB2008/03-01082 (č. 14/2007) |a SNBB2009/01-00238 (č. 15/2008) |a SNBB2010/02-01379 (č. 16/2009) | ||
| 015 | |a SNBA1997/1203481 (č. 2/1994) |a SNBA1997/1203480 (č. 3/1994) |a SNBA1997/1203486 (č. 4/1994) |a SNBA1997/1203513 (č. 5/1995) |a SNBA1997/1203479 (č. 6/1996) |a SNBA1997/1203504 (č. 7/1996) |a SNBA1997/1203514 (č. 8/1996) |a SNBA1999/06-02046 (č. 9/1998) |a SNBA2000/09-02982 (č. 10/[1999]) |a SNBA2002/04-01517 (č. 11/2000) | ||
| 020 | |a 8071413933 (brož. : č. 12/2002) | ||
| 020 | |a 8071414387 (brož. : č. 13/2003) | ||
| 020 | |a 8071415375 (brož. : č. 14/2007) | ||
| 020 | |a 9788071415848 (brož. : č. 15/2008) | ||
| 020 | |a 9788071416517 (brož. : č. 16/2009) | ||
| 020 | |a 8071410853 (brož. : č. 5/1995) | ||
| 020 | |a 8071410861 (brož. : č. 6/1996) | ||
| 020 | |a 8071411086 (brož. : č. 7/1996) | ||
| 020 | |a 8071411388 (brož. : č. 8/1996) | ||
| 020 | |a 8071411825 (brož. : č. 9/1998) | ||
| 020 | |a 8071412511 (brož. : č. 10/[1999]) | ||
| 020 | |a 8071413208 (brož. : č. 11/2000) | ||
| 035 | |a SNK000424957 | ||
| 040 | |a SNK |b slo |c SNK |e AACR2 | ||
| 041 | 0 | |a slo |a cze |a pol |b eng | |
| 044 | |a xo |c SK | ||
| 072 | 7 | |a 2-1 |x Prirodzená teológia. Náboženská filozofia. Religionistika |2 konspekt | |
| 080 | |a (082) |2 2001 | ||
| 080 | |a 2-1:101 |2 2001 | ||
| 080 | |a 001+2-1 |2 2001 | ||
| 245 | 0 | 0 | |a Fides |b zborník prác poslucháčov Teologického inštitútu |
| 260 | 3 | |3 1996- |a [Trnava] |b Dobrá kniha | |
| 260 | |a Bratislava |b Teologický inštitút svätého Alojza Spoločnosti Ježišovej na Slovensku |c 1993- | ||
| 260 | 2 | |3 1995 |a Bratislava |b Aloisianum - Teologický inštitút sv. Alojza Spoločnosti Ježišovej na Slovensku pri Trnavskej univerzite | |
| 300 | |a zv. |c 21-24 cm | ||
| 310 | |a 1x ročne |b 2007- | ||
| 321 | |a Nepravidelne |b 1993-2003 | ||
| 362 | 0 | |a 1 (1993)- | |
| 500 | |a Zostavil: 1 (1993), Peter Dubovský ; 2 (1994)-4 (1994), 14 (2007), Ľuboš Rojka ; 5 (1995)-6 (1996), Róbert Mésároš ; 7 (1996), Miloš Lichner ; 8 (1996), Leopold Slaninka ; 9/1998) Ladislav Csontos ; 11 (2000), Ján Ďurica, Petr Havlíček ; 12 (2002), Ladislav Šulík ; 13 (2003), Jozef Bartkovjak ; | ||
| 500 | |a Podnázov pri č. 14 (2007): zborník z filozofického seminára "Veda a viera" ... v Bratislave 30. marca 2006 | ||
| 500 | |a Č. 10 (2000) až 13 (2003) majú výšku formátu 24 cm | ||
| 500 | |a Editor: 15 (2008), Ľuboš Rojka ; 16 (2009), Ladislav Csontos | ||
| 500 | |a Podnázov pri č. 16 (2009): zborník z medzinárodnej konferencie študentskej vedeckej a odbornej činnosti | ||
| 500 | |a Podnázov na tit. strane od č. 6 (1995): zborník prác poslucháčov | ||
| 500 | |a Podnázov v tiráži od č. 5 (1995): zborník prác poslucháčov Aloisiana | ||
| 500 | |a Od r. 1996 vydáva Vydavateľstvo Dobrá kniha pre Aloisianum - Teologický inštitút sv. Alojza Spoločnosti Ježišovej na Slovensku pri Trnavskej univerzite | ||
| 500 | |a Popis podľa: 2 (1994) | ||
| 500 | |a Od č. 6 (1996) uvedené na tit. strane miesto vyd. Bratislava | ||
| 500 | |a Podnázov pri č. 9 (1998): zborník prác poslucháčov zo seminára špeciálnej pastorálnej teológie - duchovné cvičenia | ||
| 500 | |a Podnázov pri č. 10 ([1999]): zborník prác poslucháčov Teologickej fakulty Trnavskej univerzity | ||
| 504 | |a Bibliogr. odkazy ; pozn. | ||
| 546 | |a Čiast. text aj čes., poľ. ; res. angl. | ||
| 550 | |a Od č. 9 (1998) vydáva Vydavateľstvo Dobrá kniha pre Teologickú fakultu Trnavskej univerzity | ||
| 650 | 0 | 7 | |a teológia a filozofia |2 SNKPH |9 68988 |
| 650 | 0 | 7 | |a veda a viera |2 SNKPH |9 4337 |
| 655 | 7 | |a zborníky |2 SNKPH |9 70165 | |
| 700 | 1 | |a Šulík, Ladislav |4 com |9 267838 | |
| 700 | 1 | |a Bartkovjak, Jozef |4 com |9 10610 | |
| 700 | 1 | |a Dubovský, Peter, |d 1921-2008 |4 com |9 152791 | |
| 700 | 1 | |a Rojka, Ľuboš, |d 1965- |4 com |4 edt |9 101901 | |
| 700 | 1 | |a Mésároš, Róbert |4 com |9 45701 | |
| 700 | 1 | |a Lichner, Miloš, |d 1971- |4 com |9 12423 | |
| 700 | 1 | |a Slaninka, Leopold, |d 1967- |4 com |9 115422 | |
| 700 | 1 | |a Csontos, Ladislav, |d 1952- |4 com |4 edt |9 93641 | |
| 700 | 1 | |a Ďurica, Ján, |d 1943-2025 |4 com |9 105373 | |
| 700 | 1 | |a Havlíček, Petr |4 com |9 267839 | |
| 710 | 2 | |a Trnavská univerzita v Trnave. |b Teologická fakulta v Bratislave |4 pbl |9 119703 | |
| 910 | |a snk | ||
| 916 | |a 1994-2009 | ||
| 919 | |a 80-7141-393-3 | ||
| 919 | |a 80-7141-438-7 | ||
| 919 | |a 80-7141-537-5 | ||
| 919 | |a 978-80-7141-584-8 | ||
| 919 | |a 978-80-7141-651-7 | ||
| 919 | |a 80-7141-085-3 | ||
| 919 | |a 80-7141-086-1 | ||
| 919 | |a 80-7141-108-6 | ||
| 919 | |a 80-7141-138-8 | ||
| 919 | |a 80-7141-182-5 | ||
| 919 | |a 80-7141-251-1 | ||
| 919 | |a 80-7141-320-8 | ||
| 958 | |a NT | ||
| 958 | |a NB | ||
| 999 | |c 4146 |d 6076 | ||
| 952 | |0 0 |1 0 |4 0 |7 0 |8 0 |a SNK |b SNK |d 2004-02-27 |f 1 |i snkPV 27/2004 |l 0 |o snkČSC 3251/12/2002 |p 17A0358956 |r 2005-01-02 00:00:00 |w 2026-02-21 |y PREZ | ||
| 952 | |0 0 |1 0 |4 0 |7 0 |8 0 |a SNK |b SNK |d 2004-02-27 |i snkPV 28/2004 |l 0 |o snkČSC 3251/12/2002 D1 |p 17A0358957 |r 2005-01-02 00:00:00 |w 2026-02-21 |y PREZ | ||
| 952 | |0 0 |1 0 |4 0 |7 0 |8 0 |a SNK |b SNK |d 2010-06-15 |f 1 |i snk2010/13119 |l 0 |o snkČSC 3251/16/2009 |p 17A0661079 |r 2026-02-21 19:43:26 |w 2026-02-21 |y PREZ | ||
| 952 | |0 0 |1 0 |4 0 |7 0 |8 0 |a SNK |b SNK |d 2010-06-15 |i snk2010/13120 |l 0 |o snkČSC 3251/16/2009 D1 |p 17A0661080 |r 2026-02-21 19:43:26 |w 2026-02-21 |y PREZ | ||
| 952 | |0 0 |1 0 |4 0 |7 0 |a SNK |b SNK |d 2000-07-24 |f 1 |i snkKSP 7288/2000 |l 0 |o snkČSC 3251/10/[1999] |p 17A0248967 |r 2005-01-02 00:00:00 |w 2026-02-21 |y PREZ | ||
| 952 | |0 0 |1 0 |4 0 |7 0 |a SNK |b SNK |d 1999-03-11 |f 1 |i snkKSP 2610/99 |l 0 |o snkČSC 3251/9/1998 |p 17A0193952 |r 2005-01-02 00:00:00 |w 2026-02-21 |y PREZ | ||
| 952 | |0 0 |1 0 |4 0 |7 0 |8 0 |a SNK |b SNK |d 2008-05-06 |f 1 |i snk2008/9940 |l 0 |o snkČSC 3251/14/2007 |p 17A0582896 |r 2026-02-21 20:19:21 |w 2026-02-21 |y PREZ | ||
| 952 | |0 0 |1 0 |4 0 |7 0 |8 0 |a SNK |b SNK |d 2008-05-06 |i snk2008/9941 |l 0 |o snkČSC 3251/14/2007 D1 |p 17A0582895 |r 2026-02-21 20:19:21 |w 2026-02-21 |y PREZ | ||
| 952 | |0 0 |1 0 |4 0 |7 0 |8 0 |a SNK |b SNK |d 2009-02-06 |f 1 |i snk2009/1983 |l 0 |o snkČSC 3251/15/2008 |p 17A0488143 |r 2026-02-21 20:20:34 |w 2026-02-21 |y PREZ | ||
| 952 | |0 0 |1 0 |4 0 |7 0 |8 0 |a SNK |b SNK |d 2009-02-06 |i snk2009/1984 |l 0 |o snkČSC 3251/15/2008 D1 |p 17A0488144 |r 2026-02-21 20:20:34 |w 2026-02-21 |y PREZ | ||
| 952 | |0 0 |1 0 |4 0 |7 0 |a SNK |b SNK |d 1997-09-26 |i snk4363/970930 |l 0 |o snkC 2195 |r 2005-01-02 00:00:00 |t 5/1995 |w 2026-02-21 |y NEVYP | ||
| 952 | |0 0 |1 0 |4 0 |7 0 |a SNK |b SNK |d 1997-09-26 |f 1 |i snkKSP 9897/97 |l 0 |o snkČSC 3251/5/1995 |p 17A0092605 |r 2005-01-02 00:00:00 |w 2026-02-21 |y PREZ | ||
| 952 | |0 0 |1 0 |4 0 |7 0 |a SNK |b SNK |d 1997-09-26 |i snkKSP 9898/97 |l 0 |o snkČSC 3251/5/1995 D1 |p 17A0092604 |r 2005-01-02 00:00:00 |w 2026-02-21 |y PREZ | ||
| 952 | |0 0 |1 0 |4 0 |7 0 |a SNK |b SNK |d 1997-09-26 |i snk4362/970930 |l 0 |o snkC 2194 |r 2005-01-02 00:00:00 |t 6/1996 |w 2026-02-21 |y NEVYP | ||
| 952 | |0 0 |1 0 |4 0 |7 0 |a SNK |b SNK |d 1997-09-26 |f 1 |i snkKSP 9899/97 |l 0 |o snkČSC 3251/6/1996 |p 17A0105731 |r 2005-01-02 00:00:00 |w 2026-02-21 |y PREZ | ||
| 952 | |0 0 |1 0 |4 0 |7 0 |a SNK |b SNK |d 1997-09-26 |i snkKSP 9900/97 |l 0 |o snkČSC 3251/6/1996 D1 |p 17A0092606 |r 2005-01-02 00:00:00 |w 2026-02-21 |y PREZ | ||
| 952 | |0 0 |1 0 |4 0 |7 0 |a SNK |b SNK |d 1997-09-26 |i snk4364/970930 |l 0 |o snkC 2196 |r 2005-01-02 00:00:00 |t 7/1996 |w 2026-02-21 |y NEVYP | ||
| 952 | |0 0 |1 0 |4 0 |7 0 |a SNK |b SNK |d 1997-09-26 |f 1 |i snkKSP 9901/97 |l 0 |o snkČSC 3251/7/1996 |p 17A0105733 |r 2005-01-02 00:00:00 |w 2026-02-21 |y PREZ | ||
| 952 | |0 0 |1 0 |4 0 |7 0 |a SNK |b SNK |d 1997-09-26 |i snkKSP 9902/97 |l 0 |o snkČSC 3251/7/1996 D1 |p 17A0092608 |r 2005-01-02 00:00:00 |w 2026-02-21 |y PREZ | ||
| 952 | |0 0 |1 0 |4 0 |7 0 |a SNK |b SNK |d 1997-09-26 |i snk4361/970930 |l 0 |o snkC 2193 |r 2005-01-02 00:00:00 |t 8/1996 |w 2026-02-21 |y NEVYP | ||
| 952 | |0 0 |1 0 |4 0 |7 0 |a SNK |b SNK |d 1997-09-26 |f 1 |i snkKSP 9889/97 |l 0 |o snkČSC 3251/8/1996 |p 17A0092611 |r 2005-01-02 00:00:00 |w 2026-02-21 |y PREZ | ||
| 952 | |0 0 |1 0 |4 0 |7 0 |a SNK |b SNK |d 1997-09-26 |i snkKSP 9890/97 |l 0 |o snkČSC 3251/8/1996 D1 |p 17A0092610 |r 2005-01-02 00:00:00 |w 2026-02-21 |y PREZ | ||
| 952 | |0 0 |1 0 |4 0 |7 0 |a SNK |b SNK |d 1997-09-26 |f 1 |i snkKSP 9891/97 |l 0 |o snkČSC 3251/2/1994 |p 17A0106200 |r 2005-01-02 00:00:00 |w 2026-02-21 |y PREZ | ||
| 952 | |0 0 |1 0 |4 0 |7 0 |a SNK |b SNK |d 1997-09-26 |i snkKSP 9892/97 |l 0 |o snkČSC 3251/2/1994 D1 |p 17A0092612 |r 2005-01-02 00:00:00 |w 2026-02-21 |y PREZ | ||
| 952 | |0 0 |1 0 |4 0 |7 0 |a SNK |b SNK |d 1997-09-26 |i snkKSP 9894/97 |l 0 |o snkČSC 3251/3/1994 D1 |p 17A0092614 |r 2005-01-02 00:00:00 |w 2026-02-21 |y PREZ | ||
| 952 | |0 0 |1 0 |4 0 |7 0 |a SNK |b SNK |d 1997-09-26 |f 1 |i snkKSP 9895/97 |l 0 |o snkČSC 3251/4/1994 |p 17A0105730 |r 2005-01-02 00:00:00 |w 2026-02-21 |y PREZ | ||
| 952 | |0 0 |1 0 |4 0 |7 0 |a SNK |b SNK |d 1997-09-26 |i snkKSP 9896/97 |l 0 |o snkČSC 3251/4/1994 D1 |p 17A0092616 |r 2005-01-02 00:00:00 |w 2026-02-21 |y PREZ | ||
| 952 | |0 0 |1 0 |4 0 |7 0 |a SNK |b SNK |d 2000-07-24 |i snkKSP 7289/2000 |l 0 |o snkČSC 3251/10/[1999] D1 |p 17A0246603 |r 2005-01-02 00:00:00 |w 2026-02-21 |y PREZ | ||
| 952 | |0 0 |1 0 |4 0 |7 0 |a SNK |b SNK |d 2002-03-01 |f 1 |i snkKSP 2542/2002 |l 0 |o snkČSC 3251/11/2000 |p 17A0336049 |r 2005-01-02 00:00:00 |w 2026-02-21 |y PREZ | ||
| 952 | |0 0 |1 0 |4 0 |7 0 |a SNK |b SNK |d 2002-03-01 |i snkKSP 2541/2002 |l 0 |o snkČSC 3251/11/2000 D1 |p 17A0336050 |r 2005-01-02 00:00:00 |w 2026-02-21 |y PREZ | ||
| 952 | |0 0 |1 0 |4 0 |7 0 |8 0 |a SNK |b SNK |d 2006-01-25 |f 1 |i snk2006/1596 |l 0 |o snkČSC 3251/13/2003 |p 17A0488510 |r 2026-02-21 21:10:09 |w 2026-02-21 |y PREZ | ||
| 952 | |0 0 |1 0 |4 0 |7 0 |8 0 |a SNK |b SNK |d 2006-01-25 |i snk2006/1598 |l 0 |o snkČSC 3251/13/2003 D1 |p 17A0488511 |r 2026-02-21 21:10:09 |w 2026-02-21 |y PREZ | ||
| 952 | |0 0 |1 0 |4 0 |7 0 |a SNK |b SNK |d 1999-03-11 |i snk423/990325 |l 0 |o snkC 215 |r 2005-01-02 00:00:00 |t 9/1998 |w 2026-02-21 |y NEVYP | ||
| 952 | |0 0 |1 0 |4 0 |7 0 |a SNK |b SNK |d 1999-03-11 |i snkKSP 2611/99 |l 0 |o snkČSC 3251/9/1998 D1 |p 17A0185799 |r 2005-01-02 00:00:00 |w 2026-02-21 |y PREZ | ||
| 952 | |0 0 |1 0 |4 0 |7 0 |a SNK |b SNK |d 1997-09-26 |f 1 |i snkKSP 9893/97 |l 0 |o snkČSC 3251/3/1994 |p 17A0105729 |r 2005-01-02 00:00:00 |w 2026-02-21 |y PREZ | ||


